| 000 | 00929nam a22002417a 4500 | ||
|---|---|---|---|
| 999 |
_c11242 _d11242 |
||
| 003 | AR-CdUCM | ||
| 008 | 190403b ||||| |||| 00| 0 spa d | ||
| 040 |
_aMUNICIPALIDAD PROVINCIAL DEL CUSCO _cBIBLIOTECA MUNICIPAL DEL CUSCO |
||
| 041 | _hfre | ||
| 082 |
_a344.6 / _bG25 / 1892 |
||
| 100 |
_aGarofalo, R. _928510 |
||
| 245 | _aIndemnización a las víctimas del delito / | ||
| 260 |
_aMadrid : _bLa España moderna, _c[1892]. |
||
| 300 |
_a172 páginas ; _c24 cm. |
||
| 440 |
_aBiblioteca de jurisprudencia, filosofía e historia ; _928511 |
||
| 500 | _aDedicatoria | ||
| 505 | _aContenido: Criterios de la reparación en la legislación contemporánea -- La reparación, como un sucedáneo de la pena -- La indemnización a favor de las victimas del delito ... | ||
| 650 |
_aReparación civil _928512 |
||
| 650 |
_aDerecho penal _95831 |
||
| 700 |
_aDorado Montero, P. _928513 |
||
| 942 |
_2ddc _cLIBROS |
||
| 945 | _aacv | ||